000 00530nam a2200181Ia 4500
999 _c28948
_d28948
003 OSt
005 20201230103726.0
008 190216s9999||||xx |||||||||||||| ||und||
020 _a9788182641709
040 _coclc
082 _a894.8128
_bNAI/R
100 _aNair, Viju V
_97958
245 0 _aRathiyude Saikathabhoovil /
_cViju V Nair
260 _bMathrubhumi Printing &publishing,
_aKozhikode:
_c2006.
300 _a198p
650 _aMalayalam
942 _cBK
_2ddc
_h894.8128
_iNAI/R
_k894.8128
_mNAI/R